Diseño de un sistema de inteligencia competitiva para la Escuela de Ingeniería Industrial de la Universidad de Costa Rica
Tallennettuna:
| Päätekijä: | |
|---|---|
| Muut tekijät: | , |
| Aineistotyyppi: | Kirja |
| Julkaistu: |
[San José, Costa Rica]
2006
|
| Aiheet: | |
| Tagit: |
Lisää tagi
Ei tageja, Lisää ensimmäinen tagi!
|
MARC
| LEADER | 00000nam a2200000Ia 4500 | ||
|---|---|---|---|
| 003 | 009653 | ||
| 005 | 20221231144125.0 | ||
| 008 | 140114s2006 cr a m 000 ||s d | ||
| 040 | |c cru CEDI | ||
| 090 | |a TFG 5186 | ||
| 100 | |a Cajiao Arce, Juan |9 5753 | ||
| 245 | |a Diseño de un sistema de inteligencia competitiva para la Escuela de Ingeniería Industrial de la Universidad de Costa Rica | ||
| 260 | |c 2006 |a [San José, Costa Rica] | ||
| 300 | |a xiv, 83, [36] hojas : ilustraciones | ||
| 500 | |a Proyecto de graduación (licenciatura en ingeniería industrial)--Universidad de Costa Rica. Facultad de Ingeniería. Escuela de Ingeniería Industrial | ||
| 650 | |x UNIVERSIDAD DE COSTA RICA. FACULTAD DE INGENIERIA. ESCUELA DE INGENIERIA INDUSTRIAL |x SISTEMAS DE INFORMACION EN ADMINISTRACION |x GESTION DEL CONOCIMIENTO |x INNOVACIONES TECNOLOGICAS |x TOMA DE DECISION |9 5756 | ||
| 700 | |9 5754 |a Sánchez Fallas, Javier | ||
| 700 | |9 5755 |a Wong Alvarez, Daniel | ||
| 942 | |c TFG | ||
| 999 | |c 17237 |d 17237 | ||
